Lepšie ako v minulosti Majstrovstvá SSR v ľahkej atletike

Bibliographic Details
Main Author: Mičko, Ľ. (Author)
Format: Article
Language:Slovak
Subjects:

MARC

LEADER 00000nab a2200000 a 4500
001 vtls000080962
003 SK-MaSNL
005 20260303032226.0
008 111103c1981 xo 0 slo
015 |a SNBRB19rr/mm-uuuuu 
035 |a CL0091063 
040 |a SNKBUCL  |b slo  |c SNKBUCL  |e AACR2 
041 0 |a slo 
044 |a xo  |c SK 
080 |a 796.42  |2 1981 
080 |a 796.092  |2 1981 
100 1 |a Mičko, Ľ.  |4 aut  |9 960445 
245 1 0 |a Lepšie ako v minulosti  |b Majstrovstvá SSR v ľahkej atletike  |c Ľ. Mičko 
650 0 7 |a atletika ľahká  |2 snkbucl  |9 899308 
651 7 |a 5100  |2 snkbucl  |9 166206 
655 7 |a články z novín a časopisov  |2 snkbucl  |9 267496 
773 0 |t Šport  |g Roč. 33, č. 21 (26. 1. 1981), s. 6 
850 |a Slovenská národná knižnica v Martine  |a MTA001 
852 |a SNK  |b KIS3GCP 
958 |a RK 
992 |a RBX 
999 |c 1663076  |d 1665006